[Event "Oberliga Ost-B 1415"]
[Site "Germany"]
[Date "2014.10.18"]
[Round "2.4"]
[White "Sehrt, Juergen"]
[Black "Reschke, Stefan"]
[Result "0-1"]
[WhiteElo "2279"]
[BlackElo "2367"]
[PlyCount "38"]
[EventDate "2014.09.21"]
[EventType "team-tourn"]
[EventRounds "11"]
[EventCountry "GER"]
[SourceTitle "EXT 2016"]
[Source "ChessBase"]
[SourceDate "2015.10.08"]
[SourceVersion "1"]
[SourceVersionDate "2015.10.08"]
[SourceQuality "1"]
[WhiteTeam "Giessen"]
[BlackTeam "Oberursel"]
[WhiteTeamCountry "GER"]
[BlackTeamCountry "GER"]

1. c4 g6 2. Nc3 Bg7 3. g3 c5 4. Bg2 Nc6 5. Nf3 e6 6. 0-0 Nge7 7. d3 0-0 8. Bd2 d5 9. a3 b6 10. Rb1 a5 11. Na4 Bd7 12. Qb3 Rb8 13. cxd5 Nxd5 14. Bc3 Nd4 15. Nxd4 cxd4 16. Bxd5 Qe8 17. Nxb6 dxc3 18. bxc3 exd5 19. Qxd5 Bh3 0-1

[Event "Oberliga Ost-B 1314"]
[Site "Germany"]
[Date "2014.04.06"]
[Round "11.5"]
[White "Sehrt, Juergen"]
[Black "Roosen, Holger"]
[Result "1-0"]
[WhiteElo "2260"]
[BlackElo "2229"]
[PlyCount "117"]
[EventDate "2013.10.13"]
[EventType "team-tourn"]
[EventRounds "11"]
[EventCountry "GER"]
[SourceTitle "EXT 2015"]
[Source "ChessBase"]
[SourceDate "2014.11.20"]
[SourceVersion "1"]
[SourceVersionDate "2014.11.20"]
[SourceQuality "1"]
[WhiteTeam "Giessen"]
[BlackTeam "Offenbach"]
[WhiteTeamCountry "GER"]
[BlackTeamCountry "GER"]

1. c4 c5 2. Nf3 Nc6 3. g3 g6 4. Bg2 Bg7 5. 0-0 Nf6 6. Nc3 0-0 7. d4 cxd4 8. Nxd4 Nxd4 9. Qxd4 d6 10. Qd3 Bf5 11. e4 Be6 12. Bd2 Nd7 13. b3 Ne5 14. Qe2 Nc6 15. Rac1 Qd7 16. Nd5 Rac8 17. Nf4 a6 18. Be3 Ne5 19. Rfd1 Rc6 20. h3 Rfc8 21. Kh2 h6 22. Nd5 Qe8 23. Nb6 Rd8 24. f4 Nd7 25. Nd5 Bxd5 26. exd5 Rc7 27. Re1 b6 28. Qd2 Rb8 29. Bf2 Bf6 30. Bf3 Qf8 31. Bg4 h5 32. Bxd7 Rxd7 33. a4 Qc8 34. Re4 Qb7 35. Bd4 Kg7 36. f5 Kh7 37. fxg6+ fxg6 38. Rf1 Rf8 39. Re6 Rdd8 40. Bxf6 Rxf6 41. Rfxf6 exf6 42. Qe3 Rd7 43. Qf4 f5 44. Rxd6 Rxd6 45. Qxd6 Qg7 46. Qxb6 Qb2+ 47. Kg1 Qb1+ 48. Kf2 Qc2+ 49. Kf3 Qe4+ 50. Kf2 Qc2+ 51. Ke3 Qc1+ 52. Kd3 Qd1+ 53. Kc3 Qe1+ 54. Kb2 Qd2+ 55. Ka3 Qc1+ 56. Kb4 Qe1+ 57. Kc5 Qxg3 58. d6 Qe5+ 59. Kc6 1-0

[Event "Oberliga Ost-B 0910"]
[Site "Germany"]
[Date "2010.04.11"]
[Round "11.4"]
[White "Sehrt, Juergen"]
[Black "Rudnizki, Sergej"]
[Result "1/2-1/2"]
[WhiteElo "2257"]
[BlackElo "2155"]
[PlyCount "166"]
[EventDate "2009.10.18"]
[EventType "team-tourn"]
[EventRounds "11"]
[EventCountry "GER"]
[SourceTitle "EXT 2011"]
[Source "ChessBase"]
[SourceDate "2010.11.26"]
[SourceVersion "1"]
[SourceVersionDate "2010.11.26"]
[SourceQuality "1"]
[WhiteTeam "Giessen"]
[BlackTeam "Erfurt Empor"]
[WhiteTeamCountry "GER"]
[BlackTeamCountry "GER"]

1. c4 Nf6 2. Nc3 g6 3. Nf3 Bg7 4. g3 0-0 5. Bg2 d6 6. 0-0 Nc6 7. d4 a6 8. d5 Na5 9. Nd2 c5 10. Qc2 Rb8 11. b3 b5 12. Bb2 e5 13. dxe6 Bxe6 14. cxb5 axb5 15. Nde4 Nxe4 16. Nxe4 Bxb2 17. Qxb2 f5 18. Nc3 Qf6 19. Qd2 b4 20. Nd5 Bxd5 21. Qxd5+ Kh8 22. Rad1 Rb6 23. Rd3 Rd8 24. Rfd1 Nc6 25. e3 Na7 26. Rc1 Rf8 27. Rd2 Nb5 28. Qc4 g5 29. Bf1 f4 30. Qe4 Nc3 31. Qf3 d5 32. exf4 gxf4 33. a4 Qg7 34. g4 Rg6 35. h3 h5 36. Rxd5 Nxd5 37. Qxd5 hxg4 38. Rxc5 gxh3+ 39. Kh2 f3 40. Qh5+ Rh6 41. Qg5 Rg6 42. Qh4+ Rh6 43. Rh5 Rff6 44. Rxh6+ Rxh6 45. Qd8+ Qg8 46. Qxg8+ Kxg8 47. a5 Kf8 48. a6 Ke7 49. Bd3 Rh5 50. Be4 Ra5 51. Bb7 Ra3 52. Kxh3 Kd6 53. Kg3 Ke5 54. Kg4 Kd4 55. Kf4 Kc3 56. Bd5 Rxa6 57. Kxf3 Kd4 58. Bg8 Rg6 59. Bc4 Rf6+ 60. Ke2 Rf4 61. Bg8 Rf8 62. Bc4 Rf4 63. Bg8 Rf6 64. Bc4 Rf8 65. Ke1 Rf3 66. Ke2 Rc3 67. Bg8 Ke4 68. Bh7+ Kf4 69. Bg8 Rc2+ 70. Kd3 Rc8 71. Be6 Rc3+ 72. Kd4 Kf3 73. Bc4 Kxf2 74. Kc5 Ke3 75. Kxb4 Kd4 76. Kb5 Rh3 77. Kb4 Rh8 78. Kb5 Rh6 79. Bg8 Rh3 80. Kb4 Rh8 81. Bc4 Rb8+ 82. Ka3 Kc3 83. Ka4 Rxb3 1/2-1/2

[Event "Hessenliga 0607"]
[Site "Germany"]
[Date "2007.03.25"]
[Round "9.1"]
[White "Kuech, Holger"]
[Black "Sehrt, Juergen"]
[Result "0-1"]
[WhiteElo "2216"]
[BlackElo "2238"]
[PlyCount "74"]
[EventDate "2006.09.17"]
[EventType "team-tourn"]
[EventRounds "9"]
[EventCountry "GER"]
[SourceTitle "EXT 2008"]
[Source "ChessBase"]
[SourceDate "2007.11.25"]
[SourceVersion "1"]
[SourceVersionDate "2007.11.25"]
[SourceQuality "1"]
[WhiteTeam "Eppstein"]
[BlackTeam "Giessen II"]
[WhiteTeamCountry "GER"]
[BlackTeamCountry "GER"]

1. c4 Nf6 2. g3 g6 3. Bg2 Bg7 4. Nc3 0-0 5. e4 d6 6. Nge2 e5 7. 0-0 c6 8. d4 Nbd7 9. h3 Re8 10. Be3 Qa5 11. f4 Qa6 12. b3 b5 13. cxb5 cxb5 14. a4 bxa4 15. dxe5 dxe5 16. f5 Nb6 17. Qd6 Nfd7 18. fxg6 hxg6 19. bxa4 Bf8 20. Qd1 Qa5 21. Qb3 Re6 22. Kh2 Ba6 23. Bf3 Nc4 24. Bg4 Rb8 25. Nb5 Nxe3 26. Qxe3 Re7 27. Qxa7 Qb6 28. Qxb6 Nxb6 29. Nbc3 Rc7 30. a5 Nc4 31. Rf6 Nd6 32. Nd5 Rc2 33. Rc1 Rbb2 34. Ndc3 Be7 35. Rff1 Rxc3 36. Rb1 Rcc2 37. Rfe1 Nxe4 0-1

[Event "Hessenliga 0607"]
[Site "Germany"]
[Date "2006.12.03"]
[Round "5.3"]
[White "Gries, Volker"]
[Black "Sehrt, Juergen"]
[Result "0-1"]
[WhiteElo "2147"]
[BlackElo "2238"]
[PlyCount "54"]
[EventDate "2006.09.17"]
[EventType "team-tourn"]
[EventRounds "9"]
[EventCountry "GER"]
[SourceTitle "EXT 2008"]
[Source "ChessBase"]
[SourceDate "2007.11.25"]
[SourceVersion "1"]
[SourceVersionDate "2007.11.25"]
[SourceQuality "1"]
[WhiteTeam "Oberursel II"]
[BlackTeam "Giessen II"]
[WhiteTeamCountry "GER"]
[BlackTeamCountry "GER"]

1. e4 c5 2. Nf3 d6 3. d4 cxd4 4. Qxd4 Nc6 5. Bb5 Bd7 6. Bxc6 Bxc6 7. Nc3 e6 8. Bg5 Nf6 9. 0-0-0 Be7 10. Rhe1 0-0 11. Qd2 Qc7 12. Nd4 Rfc8 13. f4 h6 14. h4 b5 15. Ncxb5 Bxb5 16. Nxb5 Qc4 17. Qd3 Qxd3 18. Rxd3 hxg5 19. hxg5 Nh5 20. Rf1 Nxf4 21. Rdf3 Rc5 22. Nc3 Bxg5 23. Kb1 Rb8 24. Ka1 Ng6 25. Rxf7 Bf6 26. R7xf6 gxf6 27. Rxf6 Nf8 0-1

[Event "Hessenliga 0506"]
[Site "Germany"]
[Date "2005.12.04"]
[Round "5.4"]
[White "Schoebel, Wolfgang"]
[Black "Sehrt, Juergen"]
[Result "1-0"]
[WhiteElo "2213"]
[BlackElo "2225"]
[PlyCount "85"]
[EventDate "2005.09.11"]
[EventType "team-tourn"]
[EventRounds "11"]
[EventCountry "GER"]
[SourceTitle "EXT 2007"]
[Source "ChessBase"]
[SourceDate "2006.11.23"]
[SourceVersion "1"]
[SourceVersionDate "2006.11.23"]
[SourceQuality "1"]
[WhiteTeam "Schoeneck II"]
[BlackTeam "Giessen"]
[WhiteTeamCountry "GER"]
[BlackTeamCountry "GER"]

1. Nf3 Nf6 2. c4 d6 3. d4 Nbd7 4. Nc3 e5 5. g3 g6 6. Bg2 Bg7 7. 0-0 0-0 8. e4 exd4 9. Nxd4 Re8 10. Re1 c6 11. h3 Nc5 12. Qc2 a5 13. Be3 a4 14. Rab1 Nfd7 15. b4 axb3 16. axb3 Ne5 17. Red1 Qe7 18. f4 Ned7 19. Bf2 Nf8 20. b4 Nce6 21. Nde2 Nc7 22. Nd4 Nfe6 23. Nde2 Nf8 24. c5 d5 25. Bd4 dxe4 26. Bxg7 Kxg7 27. Nxe4 Bf5 28. Qb2+ f6 29. N2c3 Nb5 30. Nxb5 Bxe4 31. Re1 cxb5 32. Rxe4 Qd7 33. Rbe1 Rxe4 34. Rxe4 Rc8 35. Qd4 Qf7 36. Qd6 Re8 37. Rxe8 Qxe8 38. Qc7+ Kg8 39. Qxb7 Qe3+ 40. Kh2 Qe2 41. Qe4 Qb2 42. c6 Qc3 43. Qe7 1-0

[Event "Hessenliga 0203"]
[Site "Germany"]
[Date "2003.01.19"]
[Round "5.5"]
[White "Sehrt, Juergen"]
[Black "Becker, Michael"]
[Result "1-0"]
[WhiteElo "2217"]
[BlackElo "2075"]
[PlyCount "63"]
[EventDate "2002.10.??"]
[EventType "team-tourn"]
[EventRounds "9"]
[EventCountry "GER"]
[SourceTitle "EXT 2004"]
[Source "ChessBase"]
[SourceDate "2003.11.25"]
[SourceVersion "1"]
[SourceVersionDate "2003.11.25"]
[SourceQuality "1"]
[WhiteTeam "Giessen"]
[BlackTeam "Schoeneck II"]
[WhiteTeamCountry "GER"]
[BlackTeamCountry "GER"]

1. e4 c5 2. Nf3 g6 3. d4 cxd4 4. Nxd4 Bg7 5. Be3 Nc6 6. c4 Nf6 7. Nc3 0-0 8. Be2 Ne8 9. Qd2 Nc7 10. 0-0 d6 11. Rad1 Ne6 12. Nb3 Re8 13. f4 Na5 14. f5 Nxb3 15. axb3 Nc7 16. c5 Be5 17. Bc4 gxf5 18. Bd4 Bxd4+ 19. Qxd4 Ne6 20. Bxe6 Bxe6 21. exf5 Bxb3 22. Rd3 f6 23. Ne4 Bc2 24. Qc4+ Kh8 25. Qxc2 Rc8 26. Qc3 b6 27. Ng5 Qd7 28. Ne6 bxc5 29. Rh3 Rf8 30. Rxh7+ Kxh7 31. Qh3+ Kg8 32. Qg4+ 1-0

[Event "Oberliga Ost-B 0102"]
[Site "Germany"]
[Date "2001.11.11"]
[Round "3.4"]
[White "Martinidesz, Denes"]
[Black "Sehrt, Juergen"]
[Result "0-1"]
[WhiteElo "2166"]
[BlackElo "2221"]
[PlyCount "50"]
[EventDate "2001.10.07"]
[EventType "team-tourn"]
[EventRounds "11"]
[EventCountry "GER"]
[SourceTitle "EXT 2003"]
[Source "ChessBase"]
[SourceDate "2002.11.25"]
[SourceVersion "1"]
[SourceVersionDate "2002.11.25"]
[SourceQuality "1"]
[WhiteTeam "Steinbach"]
[BlackTeam "Giessen"]
[WhiteTeamCountry "GER"]
[BlackTeamCountry "GER"]

1. e4 c5 2. Nf3 d6 3. d4 cxd4 4. Nxd4 Nf6 5. Nc3 a6 6. Bg5 e6 7. f4 Nc6 8. Qd3 Qb6 9. 0-0-0 Ng4 10. Bh4 g5 11. h3 Nge5 12. fxe5 Nxe5 13. Qg3 gxh4 14. Qxh4 Bd7 15. Be2 Rc8 16. Rhf1 h5 17. Qe1 Qa5 18. Nb3 Qc7 19. Bd3 b5 20. Kb1 Bg7 21. Ne2 Nxd3 22. Qd2 Nxb2 23. Qf4 Qxc2+ 24. Ka1 Nxd1+ 25. Ned4 Qb2# 0-1

[Event "Oberliga Ost-B 0102"]
[Site "Germany"]
[Date "2001.11.10"]
[Round "2.3"]
[White "Reschke, Stefan"]
[Black "Sehrt, Juergen"]
[Result "1-0"]
[WhiteElo "2376"]
[BlackElo "2221"]
[PlyCount "52"]
[EventDate "2001.10.07"]
[EventType "team-tourn"]
[EventRounds "11"]
[EventCountry "GER"]
[SourceTitle "EXT 2003"]
[Source "ChessBase"]
[SourceDate "2002.11.25"]
[SourceVersion "1"]
[SourceVersionDate "2002.11.25"]
[SourceQuality "1"]
[WhiteTeam "Oberursel"]
[BlackTeam "Giessen"]
[WhiteTeamCountry "GER"]
[BlackTeamCountry "GER"]

1. Nf3 Nf6 2. g3 g6 3. b3 Bg7 4. Bb2 c5 5. c4 d6 6. d4 Ne4 7. a3 Qa5+ 8. b4 cxb4 9. Nbd2 b3 10. Bg2 Nc6 11. e3 Bg4 12. Qc1 Rc8 13. 0-0 Nxd2 14. Nxd2 0-0 15. Nxb3 Qa4 16. Qc3 e5 17. d5 Nd8 18. Rfc1 Be2 19. c5 Bb5 20. Qb4 dxc5 21. Rxc5 Rxc5 22. Nxc5 Qxb4 23. axb4 b6 24. Ne4 a6 25. Nd6 f5 26. Bf1 Nf7 1-0

[Event "Oberliga Ost-B 0001"]
[Site "Germany"]
[Date "2001.04.29"]
[Round "11.4"]
[White "Sehrt, Juergen"]
[Black "Haakert, Juergen"]
[Result "0-1"]
[WhiteElo "2212"]
[BlackElo "2349"]
[PlyCount "80"]
[EventDate "2000.10.15"]
[EventType "team-tourn"]
[EventRounds "11"]
[EventCountry "GER"]
[SourceTitle "EXT 2002"]
[Source "ChessBase"]
[SourceDate "2001.11.25"]
[SourceVersion "1"]
[SourceVersionDate "2001.11.25"]
[SourceQuality "1"]
[WhiteTeam "Giessen"]
[BlackTeam "Oberursel"]
[WhiteTeamCountry "GER"]
[BlackTeamCountry "GER"]

1. c4 f5 2. Nf3 Nf6 3. g3 g6 4. Bg2 Bg7 5. 0-0 0-0 6. Nc3 d6 7. d4 c6 8. d5 Bd7 9. Rb1 cxd5 10. cxd5 Na6 11. Be3 Ng4 12. Bd4 Bxd4 13. Qxd4 Qb6 14. Qd2 Nc5 15. Ng5 Rac8 16. h3 Nf6 17. Rfc1 h6 18. b4 Na6 19. Ne6 Bxe6 20. dxe6 Kg7 21. a3 Nc7 22. Nd5 Ncxd5 23. Bxd5 Qb5 24. Bf3 Qa6 25. Qb2 b5 26. Kg2 Rfd8 27. g4 fxg4 28. hxg4 d5 29. g5 hxg5 30. Qe5 Rc4 31. Rxc4 bxc4 32. Rh1 Qd6 33. Qxg5 Qxe6 34. Rh6 Qf5 35. Qe3 e5 36. Rh1 e4 37. Qxa7+ Rd7 38. Qb8 exf3+ 39. exf3 Nh5 40. Rh4 Rf7 0-1

[Event "Oberliga Ost-B 0001"]
[Site "Germany"]
[Date "2001.02.17"]
[Round "6.6"]
[White "Falk, Ulrich"]
[Black "Sehrt, Juergen"]
[Result "1-0"]
[WhiteElo "2225"]
[BlackElo "2212"]
[PlyCount "72"]
[EventDate "2000.10.15"]
[EventType "team-tourn"]
[EventRounds "11"]
[EventCountry "GER"]
[SourceTitle "EXT 2002"]
[Source "ChessBase"]
[SourceDate "2001.11.25"]
[SourceVersion "1"]
[SourceVersionDate "2001.11.25"]
[SourceQuality "1"]
[WhiteTeam "Frankfurt FTG"]
[BlackTeam "Giessen"]
[WhiteTeamCountry "GER"]
[BlackTeamCountry "GER"]

1. Nf3 Nf6 2. g3 g6 3. Bg2 Bg7 4. d4 0-0 5. c4 d5 6. cxd5 Nxd5 7. 0-0 Nc6 8. Nc3 Nb6 9. d5 Na5 10. e4 c6 11. Nd4 cxd5 12. exd5 Nac4 13. b3 Nd6 14. Bb2 Bd7 15. Re1 Re8 16. a4 a6 17. Rc1 Nbc8 18. Qd2 Qb6 19. Nce2 Nf5 20. a5 Qd8 21. Ba3 Ncd6 22. Bc5 Qb8 23. Rc2 Nb5 24. Nxb5 Bxb5 25. Nc3 Bd7 26. Ne4 Rc8 27. Qb4 Bf8 28. Rce2 Bb5 29. Rd2 Qc7 30. Bh3 Bg7 31. Red1 Re8 32. Bb6 Qd7 33. Nc5 Qd6 34. Qe4 Rab8 35. Bxf5 gxf5 36. Qxf5 Bc3 1-0

[Event "Oberliga Ost-B 0001"]
[Site "Germany"]
[Date "2000.11.11"]
[Round "2.7"]
[White "Sehrt, Juergen"]
[Black "Schirmer, Raik"]
[Result "1/2-1/2"]
[WhiteElo "2212"]
[BlackElo "2230"]
[PlyCount "94"]
[EventDate "2000.10.15"]
[EventType "team-tourn"]
[EventRounds "11"]
[EventCountry "GER"]
[SourceTitle "EXT 2002"]
[Source "ChessBase"]
[SourceDate "2001.11.25"]
[SourceVersion "1"]
[SourceVersionDate "2001.11.25"]
[SourceQuality "1"]
[WhiteTeam "Giessen"]
[BlackTeam "Leipzig Gohlis II"]
[WhiteTeamCountry "GER"]
[BlackTeamCountry "GER"]

1. c4 c5 2. Nf3 Nc6 3. g3 e5 4. Nc3 g6 5. d3 Bg7 6. Bg2 Nge7 7. Bg5 h6 8. Be3 d6 9. Qc1 a6 10. Rb1 Rb8 11. a3 b5 12. cxb5 axb5 13. b4 cxb4 14. axb4 Be6 15. 0-0 Qd7 16. Rd1 Nf5 17. Bd2 Ncd4 18. e3 Nxf3+ 19. Bxf3 0-0 20. Nd5 Rfc8 21. Qa3 Ne7 22. Nxe7+ Qxe7 23. Rdc1 d5 24. Rxc8+ Rxc8 25. Rc1 Qd7 26. Rxc8+ Qxc8 27. Qc1 Qa6 28. Bc3 Qa7 29. Qb2 Qc7 30. Be2 f6 31. d4 Bd7 32. Qb3 Qd6 33. dxe5 fxe5 34. e4 Be6 35. Bxb5 Kh7 36. exd5 Bxd5 37. Qd1 Qe6 38. Bf1 Qc6 39. b5 Qb7 40. Qa1 Qb8 41. Qa6 Qc7 42. Ba1 Bb7 43. Qe6 Qc2 44. Qf7 Qe4 45. f3 Qe3+ 46. Kg2 Qd2+ 47. Kg1 Qe3+ 1/2-1/2

[Event "Oberliga Ost-B 0001"]
[Site "Germany"]
[Date "2000.10.15"]
[Round "1.5"]
[White "Sehrt, Juergen"]
[Black "Eckhardt, Thorsten"]
[Result "1-0"]
[WhiteElo "2212"]
[BlackElo "2244"]
[PlyCount "89"]
[EventDate "2000.10.15"]
[EventType "team-tourn"]
[EventRounds "11"]
[EventCountry "GER"]
[SourceTitle "EXT 2002"]
[Source "ChessBase"]
[SourceDate "2001.11.25"]
[SourceVersion "1"]
[SourceVersionDate "2001.11.25"]
[SourceQuality "1"]
[WhiteTeam "Giessen"]
[BlackTeam "Wetzlar"]
[WhiteTeamCountry "GER"]
[BlackTeamCountry "GER"]

1. c4 e5 2. Nc3 Nc6 3. Nf3 Nf6 4. e3 Be7 5. Be2 0-0 6. d4 exd4 7. Nxd4 d5 8. cxd5 Nxd5 9. Nxc6 bxc6 10. Bd2 Rb8 11. e4 Nb4 12. Be3 Qxd1+ 13. Kxd1 a5 14. a3 Rd8+ 15. Kc1 Nd3+ 16. Bxd3 Rxd3 17. Kc2 Ba6 18. Rad1 Rbd8 19. Bf4 R8d7 20. Rxd3 Bxd3+ 21. Kc1 Bc5 22. f3 Kf8 23. Rd1 Ke8 24. Na4 Be7 25. b3 Kd8 26. Nb2 Ba6 27. a4 Bc5 28. Nc4 Bxc4 29. bxc4 Rxd1+ 30. Kxd1 Bb4 31. Ke2 Kd7 32. Kd3 c5 33. g4 c6 34. Bb8 Kc8 35. Bg3 Kd7 36. e5 Ke6 37. Ke4 g5 38. h4 h6 39. f4 Bd2 40. fxg5 hxg5 41. h5 f6 42. h6 Kf7 43. e6+ Kxe6 44. h7 Bc3 45. Kd3 1-0